Online
Catalog

La biodiversidad en la República Dominicana / (Record no. 50232)

MARC details
000 -CABECERA
campo de control de longitud fija 02136nam a22003257a 4500
003 - IDENTIFICADOR DEL NÚMERO DE CONTROL
campo de control DO-SdBNP
005 - FECHA Y HORA DE LA ÚLTIMA TRANSACCIÓN
campo de control 20250320105153.0
007 - CAMPO FIJO DE DESCRIPCIÓN FÍSICA--INFORMACIÓN GENERAL
campo de control de longitud fija ta
008 - DATOS DE LONGITUD FIJA--INFORMACIÓN GENERAL
campo de control de longitud fija 210820b2020 abo|| |||| 00| 0 spa
020 ## - NÚMERO INTERNACIONAL ESTÁNDAR DEL LIBRO
Número Internacional Estándar del Libro 978-9945-9235-3-7
040 ## - FUENTE DE LA CATALOGACIÓN
Centro catalogador/agencia de origen DO-SdBNP
Lengua de catalogación spa
Centro/agencia transcriptor BNPHU
082 #4 - NÚMERO DE LA CLASIFICACIÓN DECIMAL DEWEY
Número de clasificación 333.95
Número de documento/Ítem B562b
Número de edición 22
100 1# - ENTRADA PRINCIPAL--NOMBRE DE PERSONA
Nombre de persona Betancourt Fernández, Liliana.
9 (RLIN) 9627
245 01 - MENCIÓN DE TÍTULO
Título La biodiversidad en la República Dominicana /
Mención de responsabilidad, etc. Liliana Bitencourt Fernández, Alejandro Herrera Moreno, Brígido Peguero
260 ## - PUBLICACIÓN, DISTRIBUCIÓN, ETC.
Lugar de publicación, distribución, etc. Santo Domingo :
Nombre del editor, distribuidor, etc. Ministerio de Medio Ambiente,
Fecha de publicación, distribución, etc. 2020.
300 ## - DESCRIPCIÓN FÍSICA
Extensión 489 p. :
Otras características físicas il. , fots., mapas, tablas;
Dimensiones 29 cm.
500 ## - NOTA GENERAL
Nota general Apéndice A / Listado se especie costeras y marina.
504 ## - NOTA DE BIBLIOGRAFÍA, ETC.
Nota de bibliografía, etc. Incluye referencias bibliográficas: p.(12-1) - (12-112)
505 ## - NOTA DE CONTENIDO CON FORMATO
Nota de contenido con formato Indice general
Título Presentación --
-- Resumen ejecutivo --
-- Capítulo1. Introducción y Antecedentes --
-- Capítulo 2. Metodología --
-- Capítulo 3. Marco físico - geográfico de la biodiversidad domninicana --
-- Capítulo 4. Caracterización de los ecosistemas naturales --
-- Capítulo 5. Situación actual de la flora --
-- Capítulo 6. Situación actual de la fauna --
-- Capítulo 7. Habitats críticos --
-- Capítulo 8. Usos de la biodiversidad, amenazas e impactos --
-- Capítulo 9. Biodiversidad en las Äreas Protegidas --
-- Capítulo 10. Bases legales que sustentan la gestión de la biodiversidad --
-- Capítulo 11. Recomendaciones --
-- Capítulo 12. Referencias bibliográficas --
-- Apéndice A / Listado de especies costeras y marinas --
-- Apéndice B / Listado se especies terrestres --
-- mapas
590 ## - NOTA LOCAL (RLIN)
Nota local Inventariado, 2022/MFF
650 #4 - PUNTO DE ACCESO ADICIONAL DE MATERIA--TÉRMINO DE MATERIA
Término de materia o nombre geográfico como elemento de entrada Biodiversidad
Subdivisión geográfica República Dominicana.
9 (RLIN) 79516
650 #4 - PUNTO DE ACCESO ADICIONAL DE MATERIA--TÉRMINO DE MATERIA
Término de materia o nombre geográfico como elemento de entrada Diversidad biológica
Subdivisión geográfica República Dominicana.
9 (RLIN) 79517
650 #7 - PUNTO DE ACCESO ADICIONAL DE MATERIA--TÉRMINO DE MATERIA
Término de materia o nombre geográfico como elemento de entrada Conservación del medio ambiente
Subdivisión geográfica República Dominicana
9 (RLIN) 79518
Fuente del encabezamiento o término LEMB
650 #4 - PUNTO DE ACCESO ADICIONAL DE MATERIA--TÉRMINO DE MATERIA
Término de materia o nombre geográfico como elemento de entrada Protección del medio ambiente
Subdivisión geográfica República Dominicana.
9 (RLIN) 79519
700 1# - PUNTO DE ACCESO ADICIONAL--NOMBRE DE PERSONA
Nombre de persona Herrera Moreno, Alejandro
9 (RLIN) 9624
700 1# - PUNTO DE ACCESO ADICIONAL--NOMBRE DE PERSONA
Nombre de persona Peguero, Brígido
9 (RLIN) 82044
700 1# - PUNTO DE ACCESO ADICIONAL--NOMBRE DE PERSONA
Nombre de persona Santana, Gloria
Término indicativo de función/relación Coordinación técnica, revisión y edición
9 (RLIN) 79521
910 ## - DATOS DE OPCIÓN DEL USUARIO (OCLC)
Datos de opción del usuario Validado. Control de calidad MFF
942 ## - ELEMENTOS DE PUNTO DE ACCESO ADICIONAL (KOHA)
Fuente del sistema de clasificación o colocación Dewey Decimal Classification
Tipo de ítem Koha Libro
Holdings
Estado de retiro Estado de pérdida Fuente del sistema de clasificación o colocación Restricciones de uso No para préstamo Código de colección Localización permanente Ubicación/localización actual Ubicación en estantería Fecha de adquisición Fuente de adquisición Signatura topográfica completa Código de barras Fecha visto por última vez Precio válido a partir de Tipo de ítem Koha Número de copia
    Dewey Decimal Classification Excluido de préstamo   Patrimonio Dominicano Biblioteca Nacional Pedro Henríquez Ureña Biblioteca Nacional Pedro Henríquez Ureña Depósito 24.06.2021 Donado BNPHU PD 333.95 B562b 2021-25565 20.08.2021 20.08.2021 Libro  
    Dewey Decimal Classification Excluido de préstamo   Patrimonio Dominicano Biblioteca Nacional Pedro Henríquez Ureña Biblioteca Nacional Pedro Henríquez Ureña Depósito 24.06.2021 Donado BNPHU PD 333.95 B562b 2021-25573 20.08.2021 20.08.2021 Libro e.2
    Dewey Decimal Classification Préstamo en sala   Monografías: Libros y Folletos Biblioteca Nacional Pedro Henríquez Ureña Biblioteca Nacional Pedro Henríquez Ureña Depósito 24.06.2021 Donado BNPHU DS 333.95 B562b 2021-25574 20.08.2021 20.08.2021 Libro e. 3

Powered by Koha